00601nam a2200205 a 450000100060000000300080000600500170001400800410003103500190007204000320009104100080012308200260013110000330015724500500019026000310024030000340027150400370030565000270034265000260036952968BD-RjUL20211209075904.0161001s1929 nyuk b 001 0 eng  a(BD-RjUL)53088 aDLCcDLCdDLCdBD-RjULbeng aeng 223a352.367bFOG 19291 aForbes, Russell,d1896-1957.10aGovernmental purchasing /cby Russell Forbes. aNew York :bHarper,c1929. axvi, 370 p. :bill. ;c24 cm. aIncludes bibliography and index. 0aGovernment purchasing. 0aOrganizational change